000
00292nam a22001337a 4500
008
170407b xxu||||| |||| 00| 0 eng d
020
_a
9780323049900
041
_a
eng
080
_2
4 ED
_a
616
100
_a
9
101
_a
SHM
245
_a
PATHOPHYSIOLOGY
_c
HUETHER,S,E
942
_2
udc
_c
BK
999
_c
10161
_d
10161